| 000 | 00541nam a22002057a 4500 | ||
|---|---|---|---|
| 999 |
_c11946 _d11946 |
||
| 003 | PK-NaQUE | ||
| 005 | 20250730144941.0 | ||
| 008 | 250730b ||||| |||| 00| 0 eng d | ||
| 020 | _a8122439977 | ||
| 020 | _a978-8122439977 | ||
| 040 | _cQUEST | ||
| 082 | _a627GUP | ||
| 100 | _aGupta, Vijay | ||
| 245 | _aFluid Mechanics and its Applications | ||
| 260 |
_aNew Delhi _bMcGraw Hill _c1984 |
||
| 300 | _a536 | ||
| 650 | _aFluid Mechanics | ||
| 856 |
_uhttp://10.10.170.122:8080/browse/book/28011 _yDownload eBook |
||
| 942 |
_cBK _2ddc |
||